1960 1468 1008 1886 1999 1270 1517 1073 1935 1241 1297 1211 1787 1412 1193 1796 1622 1805 1566 1769 1770 1783 1771 1395 1235 1775 1057 1660 1469 1926 1862 1817 1985 1114 1311 1115 1922 1367 1755 1397 1399 1522 1157 1299 1253 1289 1946 1599 1727 1481 1596 1118 1494 1210 1247 1239 1778 1103 1943 1561 1628 1312 1957 1504 1624 1722 1581 1739 1325 1324 1555 1219 1324 1268 1725 1464 1681 1927 1686 1321 1415 1531 1884 1072 1218 1782 1961 1106 1324 1552 1204 1401 1791 1522 1758 1788 1887 1170 1588 BCNSPRNW ULIB Ver.6.0+V

เปลี่ยนเป็นภาษาไทย

Change to English
 แสดงรายละเอียดบรรณานุกรม
  กลับหน้าหลัก

Brief Record : Get Marc (ISO 2709) : E-mail record : QR code < ปิดหน้าต่าง
LEADER : 00000nam 2200000uu 4500
001    13399113597
003     ULIB
008    020711s2551 th a 000 0 tha d
020    9789744465702
090    นว.^bท121ร 2551
100    ทมยันตี
245    ร่มฉัตร/^cทมยันตี
250    พิมพ์ครั้งที่ 9
260    กรุงเทพฯ :^bณ บ้านวรรณกรรม,^c2551
300    606 หน้า
710 1  ณ บ้านวรรณกรรม
945    ^p360^l0^i15295
995    ทศพร
999 ^a ทศพร
รายการนี้ยังไม่มีแท็ก
คุณยังไม่ได้ล็อกอิน คุณสามารถมีกิจกรรมร่วมกับเว็บไซต์ได้ แต่ต้องล็อกอินก่อน ::
  ล็อกอิน

รายการสื่อสารสนเทศ

ลำดับที่ ประเภท เลขเรียก/บาร์โค้ด สถานที่ สถานะ
1. นวนิยาย
นวนิยาย
นว. ท121ร 2551 ฉ.1 
  Barcode: 15295
ห้องสมุดวิทยาเขตสวรรค์ประชารักษ์
►นวนิยาย
บนชั้น
  ขอยืม

รายการใกล้เคียง
    ผู้แต่ง [ทมยันตี]

BibComment


ยังไม่เคยถูกคอมเมนท์

คอมเมนท์ทรัพยากรรายการนี้
  คอมเมนท์: ร่มฉัตร ทมยันตี


 Copyright 2026. Bcnsprnw @Library